Les ressources foncières : (Record no. 1333)

MARC details
000 -LEADER
fixed length control field 02571cam a22005054a 4500
001 - CONTROL NUMBER
control field ocn213872481
003 - CONTROL NUMBER IDENTIFIER
control field TZ-ArACH
005 - DATE AND TIME OF LATEST TRANSACTION
control field 20110923144317.0
008 - FIXED-LENGTH DATA ELEMENTS--GENERAL INFORMATION
fixed length control field 090901s2007 be a b 101 0 fre c
010 ## - LIBRARY OF CONGRESS CONTROL NUMBER
LC control number 2009470858
020 ## - INTERNATIONAL STANDARD BOOK NUMBER
International Standard Book Number 9782802724520
035 ## - SYSTEM CONTROL NUMBER
System control number (OCoLC)213872481
040 ## - CATALOGING SOURCE
Original cataloging agency InIU-L
Language of cataloging eng
Transcribing agency TZ-ArACH
Modifying agency DLC
-- OCLCQ
-- OCLCA
-- OCLCQ
041 ## - LANGUAGE CODE
Language code of text/sound track or separate title fre
042 ## - AUTHENTICATION CODE
Authentication code pcc
043 ## - GEOGRAPHIC AREA CODE
Geographic area code e------
-- e-fr---
049 ## - LOCAL HOLDINGS (OCLC)
Holding library TZAA
050 00 - LIBRARY OF CONGRESS CALL NUMBER
Classification number HC240.Z65
Item number R47
245 04 - TITLE STATEMENT
Title Les ressources foncières :
Remainder of title droits de propriété, économie et environnement : VIe conférence internationale : Aix-en-Provence, Université Paul Cézanne, 26, 27, 28 juin 2006 /
Statement of responsibility, etc International Center for Research on Environmental Issues (ICREI) [and] Centre d'analyse économique environnement (CA2E) : sous la direction de Max Falque, Henri Lamotte, Jean-François Saglio.
260 ## - PUBLICATION, DISTRIBUTION, ETC. (IMPRINT)
Place of publication, distribution, etc Bruxelles :
Name of publisher, distributor, etc Bruylant,
Date of publication, distribution, etc 2007.
300 ## - PHYSICAL DESCRIPTION
Extent xxx, 729 p. :
Other physical details ill. ;
Dimensions 24 cm.
504 ## - BIBLIOGRAPHY, ETC. NOTE
Bibliography, etc Includes bibliographical references and index.
505 0# - FORMATTED CONTENTS NOTE
Formatted contents note Droit -- Economie -- Institutions -- Étude de cas.
650 #0 - SUBJECT ADDED ENTRY--TOPICAL TERM
Topical term or geographic name as entry element Natural resources
Geographic subdivision Europe
Form subdivision Congresses.
9 (RLIN) 2222
650 #0 - SUBJECT ADDED ENTRY--TOPICAL TERM
Topical term or geographic name as entry element Natural resources
General subdivision Law and legislation
Geographic subdivision Europe
Form subdivision Congresses.
9 (RLIN) 2223
650 #0 - SUBJECT ADDED ENTRY--TOPICAL TERM
Topical term or geographic name as entry element Natural resources
Geographic subdivision France
Form subdivision Congresses.
9 (RLIN) 2224
650 #0 - SUBJECT ADDED ENTRY--TOPICAL TERM
Topical term or geographic name as entry element Natural resources
General subdivision Law and legislation
Geographic subdivision France
Form subdivision Congresses.
9 (RLIN) 2225
650 #0 - SUBJECT ADDED ENTRY--TOPICAL TERM
Topical term or geographic name as entry element Natural resources
Form subdivision Congresses.
9 (RLIN) 2226
650 #0 - SUBJECT ADDED ENTRY--TOPICAL TERM
Topical term or geographic name as entry element Environmental protection
Form subdivision Congresses.
9 (RLIN) 2227
650 #6 - SUBJECT ADDED ENTRY--TOPICAL TERM
Topical term or geographic name as entry element Ressources naturelles
Geographic subdivision Europe
Form subdivision Congrès.
9 (RLIN) 2228
650 #6 - SUBJECT ADDED ENTRY--TOPICAL TERM
Topical term or geographic name as entry element Ressources naturelles
General subdivision Droit
Geographic subdivision Europe
Form subdivision Congrès.
9 (RLIN) 2229
650 #6 - SUBJECT ADDED ENTRY--TOPICAL TERM
Topical term or geographic name as entry element Ressources naturelles
Geographic subdivision France
Form subdivision Congrès.
9 (RLIN) 2230
650 #6 - SUBJECT ADDED ENTRY--TOPICAL TERM
Topical term or geographic name as entry element Ressources naturelles
General subdivision Droit
Geographic subdivision France
Form subdivision Congrès.
9 (RLIN) 2231
650 #6 - SUBJECT ADDED ENTRY--TOPICAL TERM
Topical term or geographic name as entry element Ressources naturelles
Form subdivision Congrès.
9 (RLIN) 2232
650 #6 - SUBJECT ADDED ENTRY--TOPICAL TERM
Topical term or geographic name as entry element Environnement
General subdivision Protection
Form subdivision Congrès.
9 (RLIN) 2233
700 1# - ADDED ENTRY--PERSONAL NAME
Personal name Falque, Max.
9 (RLIN) 2234
700 1# - ADDED ENTRY--PERSONAL NAME
Personal name Lamotte, Henri.
9 (RLIN) 2235
700 1# - ADDED ENTRY--PERSONAL NAME
Personal name Saglio, Jean-François.
9 (RLIN) 2236
710 2# - ADDED ENTRY--CORPORATE NAME
Corporate name or jurisdiction name as entry element International Center for Research on Environmental Issues.
9 (RLIN) 2237
710 2# - ADDED ENTRY--CORPORATE NAME
Corporate name or jurisdiction name as entry element Centre d'analyse économique environnement.
9 (RLIN) 2238
942 ## - ADDED ENTRY ELEMENTS (KOHA)
Source of classification or shelving scheme Library of Congress Classification
Koha item type Books
Holdings
Home library Current library Shelving location Date acquired Full call number Barcode Koha item type
African Court on Human and Peoples' Rights Library African Court on Human and Peoples' Rights Library   23/09/2011 HC240 .Z65 R47 10013741 Books
African Court on Human and Peoples' Rights Library African Court on Human and Peoples' Rights Library   05/09/2014 HC240 .Z65 R47 10033769 Books
African Court on Human and Peoples' Rights Library African Court on Human and Peoples' Rights Library   05/09/2014 HC240 .Z65 R47 10033777 Books

African Court on Human and Peoples' Rights | For Inquiries Contact » +255 272 510 510